LES CARACTERISTIQUES FACIALES DES SEDIMENTS TRIASIQUES DANS LES MONTAGNES DE PODRINJE-VALJEVO (SERBIE OCCIDENTALE)

Podrobná bibliografia
Hlavní autori: Pantić, Smiljka (Autor), Mojsilović, Srbobran (Autor)
Médium: Článok
Jazyk:francúzština

MARC

LEADER 00000nab a2200000ua 4500
001 vtls010843082
003 SK-MaSNL
005 20260303135907.0
008 230218s1967 xo |||||||||||||||||fre|
035 |a (urnnbn)urn:nbn:sk:snk:ar-a0705s 
035 |a urn:nbn:sk:snk-ab6593 
035 |a (uuid)301ed8ee-af78-4ef4-bc8b-2db5325ad7f6 
040 |a SNKBUCL  |b slo  |c SNKBUCL  |e AACR2 
041 0 |a fre 
044 |a xo  |c SK 
100 1 |a Pantić, Smiljka  |4 aut  |9 1157649 
245 1 0 |a LES CARACTERISTIQUES FACIALES DES SEDIMENTS TRIASIQUES DANS LES MONTAGNES DE PODRINJE-VALJEVO (SERBIE OCCIDENTALE)  |c Smiljka Pantić, Srbobran Mojsilović 
700 1 |a Mojsilović, Srbobran  |4 aut  |9 1157650 
773 0 |t Geologický sborník  |g Roč. 18, č. 2 (1967), s. 209-217 
958 |a OND 
958 |a EUIPO 
958 |a article5 
999 |c 1968652  |d 1970582